[Event "ASIAN CITIES CHESS CHAMPIONSHIP 2015"]
[Site "Citrus Hotel , Waskaduwa, Sri Lanka"]
[Date "2015.07.25"]
[Round "6"]
[Board "4"]
[White "Ibarhim, Firaq"]
[Black "Borigas, Edrien Gappi"]
[Result "1-0"]
[WhiteElo "1563"]
[BlackElo "1271"]
[PlyCount "100"]
[EventDate "2015.07.22"]
[EventType "team"]
[EventRounds "9"]
[EventCountry "SRI"]
[WhiteTeam "Male, Maldives"]
[BlackTeam "Hong Kong, Hong Kong"]

1. d4 d5 2. c4 c6 3. e3 Nf6 4. Nc3 Bf5 5. Bd3 Bg6 6. Nge2 e6 7. Nf4 Bd6 8. Nxg6
hxg6 9. c5 Bc7 10. f4 Nfd7 11. Qe2 g5 12. Bd2 gxf4 13. exf4 Qf6 14. Qf2 b6 15.
O-O-O bxc5 16. dxc5 a5 17. g4 Na6 18. Na4 Qe7 19. Be3 Nf6 20. h3 Nb4 21. Bb1 e5
22. fxe5 Bxe5 23. a3 Na6 24. Bd4 Bxd4 25. Qxd4 Qc7 26. Rde1+ Kd8 27. Bd3 Qg3
28. Rhg1 Qh4 29. Qe5 Nd7 30. Qxg7 Naxc5 31. Nxc5 Nxc5 32. Bc2 Qh6+ 33. Qxh6
Rxh6 34. Rh1 Kd7 35. Bf5+ Ne6 36. h4 Kd6 37. g5 Rh5 38. Bg4 Rh7 39. g6 Rg7 40.
Bxe6 fxe6 41. h5 Rh8 42. Reg1 Rh6 43. Kd2 Ke5 44. Rf1 Kd4 45. Rfg1 e5 46. Rg5
e4 47. Ke2 Kc4 48. Ke3 a4 49. Kf4 Rg8 50. g7 e3 {Poor Recording} 1-0

[Event "ASIAN CITIES CHESS CHAMPIONSHIP 2015"]
[Site "Citrus Hotel , Waskaduwa, Sri Lanka"]
[Date "2015.07.25"]
[Round "6"]
[Board "1"]
[White "Farazi, Khaiber"]
[Black "Alahakoon, Isuru"]
[Result "0-1"]
[WhiteElo "2134"]
[BlackElo "2054"]
[PlyCount "100"]
[EventDate "2015.07.22"]
[EventType "team"]
[EventRounds "9"]
[EventCountry "SRI"]
[WhiteTeam "Kabul, Afghanistan"]
[BlackTeam "Kandy, Sri Lanka"]

1. Nf3 Nf6 2. d4 g6 3. c4 Bg7 4. Nc3 d6 5. e4 O-O 6. Be2 Na6 7. O-O e5 8. dxe5
dxe5 9. Qc2 Nb4 10. Qb1 Nc6 11. Rd1 Nd4 12. Bg5 h6 13. Bh4 Nxe2+ 14. Nxe2 Qe7
15. Nc3 c6 16. Qd3 g5 17. Bg3 Nh5 18. Qd6 Qxd6 19. Rxd6 Nxg3 20. hxg3 Be6 21.
b3 Rfd8 22. Rxd8+ Rxd8 23. Rd1 Rxd1+ 24. Nxd1 f5 25. Ne3 f4 26. Nf5 Bxf5 27.
exf5 e4 28. Nd2 e3 29. fxe3 fxg3 30. Ne4 Be5 31. Nc5 b5 32. Nd3 Bc3 33. cxb5
cxb5 34. Kf1 h5 35. Ke2 g4 36. Nf4 h4 37. Ng6 h3 38. gxh3 gxh3 39. Kf3 g2 40.
Kf2 Be1+ 41. Kg1 Bg3 42. Ne7+ Kf7 43. Nd5 Be5 44. Nb4 Kf6 45. Nd3 Bg3 46. e4
Bc7 47. b4 Bb6+ 48. Nc5 a5 49. Kh2 Bc7+ 50. Kg1 Bf4 0-1

[Event "ASIAN CITIES CHESS CHAMPIONSHIP 2015"]
[Site "Citrus Hotel , Waskaduwa, Sri Lanka"]
[Date "2015.07.25"]
[Round "6"]
[Board "2"]
[White "Peiris, T S S"]
[Black "Mirzaad, S.Wahabuddin"]
[Result "1/2-1/2"]
[WhiteElo "2022"]
[BlackElo "2067"]
[PlyCount "61"]
[EventDate "2015.07.22"]
[EventType "team"]
[EventRounds "9"]
[EventCountry "SRI"]
[WhiteTeam "Kandy, Sri Lanka"]
[BlackTeam "Kabul, Afghanistan"]

1. e4 d5 2. exd5 Qxd5 3. Nc3 Qa5 4. d4 c6 5. Bc4 Nf6 6. Nf3 Bg4 7. Bd2 Qh5 8.
Be2 e6 9. h3 Bd6 10. Ne5 Bxe2 11. Qxe2 Qxe2+ 12. Nxe2 O-O 13. O-O Nbd7 14. Bf4
Be7 15. a4 Rfd8 16. Nc4 Rac8 17. Na5 b6 18. Nb3 c5 19. c3 cxd4 20. Nbxd4 e5 21.
Nf5 Bf8 22. Bg5 h6 23. Bh4 g5 24. Bg3 Ne4 25. Rfe1 Nxg3 26. Nexg3 f6 27. Red1
Nc5 28. Kh1 Kh7 29. Rxd8 Rxd8 30. Kg1 Nd3 31. Rb1 1/2-1/2

[Event "ASIAN CITIES CHESS CHAMPIONSHIP 2015"]
[Site "Citrus Hotel , Waskaduwa, Sri Lanka"]
[Date "2015.07.25"]
[Round "6"]
[Board "3"]
[White "Amini, Habibullah"]
[Black "Doluweera, Minul Sanjula"]
[Result "1/2-1/2"]
[WhiteElo "1906"]
[BlackElo "2042"]
[PlyCount "57"]
[EventDate "2015.07.22"]
[EventType "team"]
[EventRounds "9"]
[EventCountry "SRI"]
[WhiteTeam "Kabul, Afghanistan"]
[BlackTeam "Kandy, Sri Lanka"]

1. f4 c5 2. Nf3 Nc6 3. e3 g6 4. d4 Bg7 5. d5 Nb8 6. e4 d6 7. h3 Nf6 8. Bb5+ Bd7
9. Bxd7+ Qxd7 10. Qe2 O-O 11. O-O e6 12. c4 exd5 13. exd5 Na6 14. a3 b5 15.
cxb5 Nc7 16. Nc3 Rab8 17. a4 Nfxd5 18. Bd2 Rfe8 19. Qc4 Nb6 20. Qd3 d5 21. Ne5
Bxe5 22. fxe5 Rbd8 23. Bg5 Rc8 24. Bf6 Re6 25. Rad1 d4 26. Ne4 Ne8 27. Ng5 Nxf6
28. Nxe6 Ne4 29. Ng5 1/2-1/2

[Event "ASIAN CITIES CHESS CHAMPIONSHIP 2015"]
[Site "Citrus Hotel , Waskaduwa, Sri Lanka"]
[Date "2015.07.25"]
[Round "6"]
[Board "1"]
[White "Ahmad, E. Al-Azzah"]
[Black "Suni, Syairazi"]
[Result "1/2-1/2"]
[WhiteElo "1963"]
[BlackElo "1943"]
[PlyCount "59"]
[EventDate "2015.07.22"]
[EventType "team"]
[EventRounds "9"]
[EventCountry "SRI"]
[WhiteTeam "Jeruselam, Palestine"]
[BlackTeam "Bandar Seri Begawan, Brunei"]

1. d3 e5 2. Nf3 Nc6 3. Nbd2 g6 4. e4 Bg7 5. c3 a5 6. a4 Nge7 7. Be2 d5 8. O-O
h6 9. Re1 Be6 10. Bf1 d4 11. Nc4 g5 12. cxd4 exd4 13. Nfd2 Nb4 14. Nb3 b6 15.
f4 gxf4 16. Bxf4 Ng6 17. Bg3 h5 18. Bf2 Qd7 19. Nbd2 O-O-O 20. b3 Kb7 21. Nf3
c5 22. Bg3 Nc6 23. Nd6+ Ka6 24. Nb5 Be5 25. Nxe5 Ngxe5 26. Bh4 Rdg8 27. Be2 Bg4
28. Kh1 Rg6 29. Rf1 Rhg8 30. g3 1/2-1/2

[Event "ASIAN CITIES CHESS CHAMPIONSHIP 2015"]
[Site "Citrus Hotel , Waskaduwa, Sri Lanka"]
[Date "2015.07.25"]
[Round "6"]
[Board "2"]
[White "Hj, Azahari Siti Nur Fatimah"]
[Black "Qaysiyah, Hani"]
[Result "1-0"]
[WhiteElo "2094"]
[BlackElo "1759"]
[PlyCount "81"]
[EventDate "2015.07.22"]
[EventType "team"]
[EventRounds "9"]
[EventCountry "SRI"]
[WhiteTeam "Bandar Seri Begawan, Brunei"]
[BlackTeam "Jeruselam, Palestine"]

1. e4 e6 2. d4 d5 3. Nd2 c5 4. exd5 Qxd5 5. Ngf3 Nf6 6. Bc4 Qd8 7. O-O Nc6 8.
Nb3 cxd4 9. Nbxd4 Nxd4 10. Nxd4 Be7 11. c3 O-O 12. Qf3 Qc7 13. Bb3 Bd7 14. Be3
Bd6 15. h3 Rad8 16. Rad1 a6 17. Rfe1 b5 18. Bg5 Be7 19. Bf4 Bd6 20. Bxd6 Qxd6
21. Nxe6 Bxe6 22. Rxd6 Rxd6 23. Bxe6 fxe6 24. Qe3 Rfd8 25. g3 Kf7 26. Kg2 R8d7
27. Qe5 Rc6 28. Re2 Rd5 29. Qb8 Rcd6 30. Qa7+ Kg6 31. Qe7 Rd2 32. Rxd2 Rxd2 33.
Qxe6 Rxb2 34. g4 h6 35. h4 Kh7 36. g5 hxg5 37. hxg5 Nh5 38. Qf7 b4 39. Qxh5+
Kg8 40. cxb4 Rxb4 41. g6 1-0

[Event "ASIAN CITIES CHESS CHAMPIONSHIP 2015"]
[Site "Citrus Hotel , Waskaduwa, Sri Lanka"]
[Date "2015.07.25"]
[Round "6"]
[Board "3"]
[White "Tamra, Attallah"]
[Black "Kamis, Kamarunsalehin"]
[Result "1-0"]
[WhiteElo "2053"]
[BlackElo "2030"]
[PlyCount "99"]
[EventDate "2015.07.22"]
[EventType "team"]
[EventRounds "9"]
[EventCountry "SRI"]
[WhiteTeam "Jeruselam, Palestine"]
[BlackTeam "Bandar Seri Begawan, Brunei"]

1. Nf3 Nf6 2. c4 g6 3. g3 Bg7 4. Nc3 c5 5. Bg2 Nc6 6. d4 cxd4 7. Nxd4 O-O 8.
O-O Qa5 9. Nc2 d6 10. Bd2 Qh5 11. e4 Bg4 12. f3 Be6 13. Nd5 Bxd5 14. cxd5 Ne5
15. Bc3 Ned7 16. Nd4 a6 17. Ne2 Bh6 18. Qd4 Bg7 19. Nf4 Qh6 20. Qd2 g5 21. Nd3
Nh5 22. Rac1 Rfc8 23. Nf2 Qg6 24. Bh3 Bxc3 25. Rxc3 Rxc3 26. Qxc3 Ne5 27. Ng4
Nxg4 28. Bxg4 Ng7 29. Qc7 Qf6 30. Qxb7 Qd4+ 31. Rf2 Qa7 32. Qxa7 Rxa7 33. Rc2
h5 34. Bh3 Kh7 35. Bf1 Ne8 36. Rc6 Nc7 37. b4 f5 38. Bd3 fxe4 39. fxe4 Kg7 40.
Kf2 Kf6 41. Ke3 Ke5 42. Rb6 h4 43. gxh4 gxh4 44. a4 a5 45. b5 e6 46. dxe6 Kxe6
47. Rb8 Ra8 48. Rb7 Rc8 49. Bf1 Nd5+ 50. exd5+ 1-0

[Event "ASIAN CITIES CHESS CHAMPIONSHIP 2015"]
[Site "Citrus Hotel , Waskaduwa, Sri Lanka"]
[Date "2015.07.25"]
[Round "6"]
[Board "4"]
[White "Hj, Azahari Md Aliuddin"]
[Black "Dodean, Mahmood"]
[Result "1-0"]
[WhiteElo "2065"]
[BlackElo "1837"]
[PlyCount "58"]
[EventDate "2015.07.22"]
[EventType "team"]
[EventRounds "9"]
[EventCountry "SRI"]
[WhiteTeam "Bandar Seri Begawan, Brunei"]
[BlackTeam "Jeruselam, Palestine"]

1. e4 c6 2. d4 d5 3. Nc3 dxe4 4. Nxe4 Bf5 5. Ng3 Bg6 6. h4 h5 7. Nf3 Nd7 8. Bd3
Bxd3 9. Qxd3 Ngf6 10. Bd2 e6 11. O-O-O Be7 12. Ne4 Nxe4 13. Qxe4 Nf6 14. Qe2
Qd5 15. Kb1 O-O-O 16. Bg5 Rde8 17. Ne5 Ref8 18. Rhe1 Ng8 19. c4 Qa5 20. Bd2 Bb4
21. Bxb4 Qxb4 22. d5 exd5 23. cxd5 Ne7 24. dxc6 Nxc6 25. Nxc6 bxc6 26. Qa6+ Qb7
27. Qxb7+ Kxb7 28. Re2 Kb6 29. Red2 a5 1-0